000 00439cam a2200145 4500500
005 20251012021530.0
041 _afre
042 _adc
100 1 0 _aChauvet, Louis-Marie
_eauthor
245 0 0 _aL’accomplissement de la messe
260 _c2021.
500 _a4
786 0 _nChristus | º272 | 4 | 2021-10-01 | p. 89-96 | 0009-5834
856 4 1 _uhttps://shs.cairn.info/revue-christus-2021-4-page-89?lang=fr&redirect-ssocas=7080
999 _c1538614
_d1538614